Yeni TCK ve CMUK ışığında kapkaç ve güvenlik Sempozyumu (Record no. 4221)

MARC details
000 -BAŞLIK
Sabit Uzunlukta Kontrol Alanı 00694na a2200217 4500
001 - KONTROL NUMARASI
Denetim Alanı 17280
003 - KONTROL NUMARASI IDENTIFIER
Denetim Alanı MIRAKIL
005 - SON İŞLEM TARİHİ VE ZAMANI
Denetim Alanı 20181213154957.0
008 - SABİT-BOY VERİ ELEMANLARI - GENEL BİLGİLER
Sabit Uzunlukta Kontrol Alanı 161023b tu 000 0
035 ## - SİSTEM KONTROL NUMARASI
Sistem Kontrol Numarası 17280
040 ## - KATALOGLAMA KAYNAK
Orijinal Kataloglama Ajansı Milas
Kataloglama Dili tur
Metne Dönüştürmek Ajansı TR-AnCHP
041 ## - DİL KODU
Metin / Ses Parça Veya Ayrı Başlığın Dil Kodu tur
082 ## - DEWEY ONLU SINIFLANDIRMA NUMARASI
Sınıflandırma Numarası 364.1
Ürün Numarası K26y 2005
090 ## - SINIFLAMA NUMARASI
Sınıflama Numarası 364.1 K26y 2005
111 ## - ANA GİRİŞ - TOPLANTI ADI
Giriş Elemanı Olarak Toplantı Adı Veya Yargı Alanı Adı Kapkaç Kabusu ve Güvenlik Sempozyumu
Toplantının Yeri İzmir
Toplantı Veya Antlaşma İmzalandığı Tarihi 2005
245 ## - BAŞLIK TABLOSU
Başlık Yeni TCK ve CMUK ışığında kapkaç ve güvenlik Sempozyumu
Başlığın Kalan (adi suçlar, siyasi suçlar, çıkar amaçlı suçlar)
Sorumluluk Tablosu, Vb Ege-Koop
260 ## - YAYIN, DAĞITIM, VB
Yayın, Dağıtım, Vb Yeri İzmir
Yayıncı, Dağıtıcı, Vs Adı Ege-Koop
Yayın, Dağıtım, Vb Tarihi 2005
300 ## - FİZİKSEL TANIM
Kapsam 101 s.
Diğer Fiziksel Ayrıntıları fotg.
Boyutlar 20 sm.
650 ## - KONU KATMA GİRİŞ - TOPİKAL DÖNEM
Topikal Süreli Veya Coğrafi Ad Giriş Elemanı Kapkaç kabusu
Genel Alt Bölümü Suç türleri
Kronolojik Alt Bölümü Toplantılar
942 ## - EKLENDİ GİRİŞ ELEMANLARI (KOHA)
Sınıflandırma Veya Raf Düzeni Kaynak Dewey Decimal Classification
Koha Öğesi Türü Books
999 ## - SİSTEM KONTROL NUMARALARI (KOHA)
Koha Biblionumber 4221
Koha Biblioitemnumber 4221
Holdings
Kalıcı Konum Mevcut Konum Edinme Tarihi Edinim Kaynak Toplam Check-Out'Lar Tam Çağrı Numarası Barkod Tarih Son Görülme İtibaren Geçerli Fiyatlar Koha Öğesi Türü
CHP Kütüphanesi CHP Kütüphanesi 10/23/2016 Bağış   364.1 K26y 2005 007103 10/23/2016 10/23/2016 Books